00420nam a2200157Ia 4500008004100000020001800041082001600059100001800075245004600093250000800139260003500147300003100182500001900213600001500232650001500247240925s9999 xx 000 0 und d a9789387486553 a658.404 THI aThiry, Michel 2aA Framework for Value Management Practice a2nd aNew Delhi:bViva Booksc,2018. aVarious pagesb0fOriginal aIncludes Index aManagement aManagement